00509nam a2200157 i 450000100060000000300090000600500170001500700030003200800410003510000440007624500590012026000520017930000210023160000750025285200240032724860ES-MaACL20250729063153.0t|021219s1869 sp ||||1| spa d1 aAparisi y Guijarro, Antonio,d1815-187213aEl rey de España / cpor Antonio Aparisi y Guijarro. aMadrid : b[s.n.], c1869 (fRamón Ramírez) a72 p. ; c22 cm.14aMadrid, Borbón y de Austria-Este, Carlos de cDuque de (d1848-1909) aES-MaACLjT-845-F-6